| 000 | 00625nam a22002057a 4500 | ||
|---|---|---|---|
| 005 | 20251108173153.0 | ||
| 008 | 250721s2005 xx 000 0 ara d | ||
| 082 | 1 | 4 | _aط/ 808.0681/ بسك |
| 100 | 1 | _aبسكوف، إلزا | |
| 245 | 1 | 0 | _aنونو في غابة التوت الأزرق / |
| 264 | 1 |
_asweden : _bدار المنى، _c2005. |
|
| 300 | _a16)ص.) | ||
| 650 | 1 | 7 | _aالأدب المترجم |
| 650 | 1 | 7 | _aأدب الأطفال |
| 650 | 1 | 7 | _aالشعر |
| 653 | _aمرحلة أطفال متوسطة (6-9 سنوات ) | ||
| 700 | 1 |
_aالظاهر، محمد _etran. |
|
| 942 |
_2ddc _cBK |
||
| 999 |
_c97694 _d97694 |
||